[Event "DRUZYNOWE MISTRZOSTWA POLSKI - II LIGA 2018"]
[Site "Jastrzebia Gora"]
[Date "1899-12-30"]
[Round "2.96"]
[White "Bogusz, Katarzyna"]
[Black "Bukowska, Katarzyna"]
[Result "1-0"]
[WhiteTitle "I"]
[BlackTitle "k++"]
[WhiteElo "1291"]
[BlackElo "1914"]

1. d4 d5 2. Bf4 Nf6 3. e3 c5 4. c3 Nc6 5. Nf3 Qb6 6. Na3 Qxb2 7. Nb5 Ne4 8. Nc7+
Kd8 9. Nd2 Nxd2 10. Rc1 Nxf1 11. Rc2 Qa3 12. Nxa8 Bf5 13. Rc1 Bd3 14. e4 Bxe4
15. Kxf1 e6 16. h4 Qxa2 17. Rh3 Kd7 18. c4 Nxd4 19. cxd5 Qa6+ 20. Kg1 Ne2+ 21.
Kh2 Nxf4 22. dxe6+ Ke7 23. Qd7+ Kf6 24. Qxf7+ Ke5 25. e7 Bxe7 26. Qxe7+ Ne6 27.
Rxc5+ Kd4 28. Rcc3 Rxa8 29. f4 Rd8 30. Qb4+ Kd5 31. Rhe3 1-0

[Event "DRUZYNOWE MISTRZOSTWA POLSKI - II LIGA 2018"]
[Site "Jastrzebia Gora"]
[Date "1899-12-30"]
[Round "2.97"]
[White "Borgula, Rafal"]
[Black "Banasik, Krzysztof"]
[Result "1/2-1/2"]
[WhiteTitle "FM"]
[BlackTitle "k"]
[WhiteElo "2243"]
[BlackElo "2231"]

1. d4 Nf6 2. Nf3 g6 3. g3 Bg7 4. Bg2 O-O 5. O-O d5 6. c4 c6 7. cxd5 cxd5 8. Nc3
Nc6 9. Ne5 Bf5 10. Bf4 Ne4 11. Nxe4 Bxe4 12. Nxc6 bxc6 13. Be3 Bxg2 14. Kxg2 Rb8
15. b3 c5 16. Rc1 c4 17. bxc4 dxc4 18. d5 c3 19. Bxa7 Ra8 20. Bc5 Ra5 21. Bb4
Rxd5 22. Qe1 Qa8 23. Kg1 Qxa2 24. Bxc3 Bxc3 25. Rxc3 Rd2 26. e3 Rfd8 27. Qc1 Qb2
28. Rc8 Qxc1 29. Rfxc1 Rxc8 30. Rxc8+ Kg7 31. Kg2 1/2-1/2

[Event "DRUZYNOWE MISTRZOSTWA POLSKI - II LIGA 2018"]
[Site "Jastrzebia Gora"]
[Date "1899-12-30"]
[Round "2.98"]
[White "Kowalczyk, Rafal"]
[Black "Robak, Zbigniew"]
[Result "1-0"]
[WhiteTitle "k+"]
[BlackTitle "m"]
[WhiteElo "2242"]
[BlackElo "2216"]

1. e4 c5 2. Nf3 e6 3. d4 cxd4 4. Nxd4 Nc6 5. Nxc6 bxc6 6. Bd3 Nf6 7. O-O Qc7 8.
Qe2 d6 9. f4 Rb8 10. Nd2 Nd7 11. b3 Be7 12. Bb2 Bf6 13. e5 dxe5 14. Ne4 Be7 15.
fxe5 O-O 16. Qh5 g6 17. Qh6 Nxe5 18. Nf6+ Bxf6 19. Rxf6 Nxd3 20. cxd3 Ba6 21.
Rc1 Rb7 22. h4 Rd8 23. Rf5 f6 24. Rxf6 Bxd3 25. Rxe6 Qb6+ 26. Kh1 Bf5 27. Re3
Rbd7 28. Rce1 Qb8 29. Bf6 Rf8 30. Re7 Rxe7 31. Rxe7 Rf7 32. Rxf7 Kxf7 33. Qg7+
Ke6 34. Qe7+ Kd5 35. Qf7+ Be6 36. Qxh7 Qf4 37. Qxg6 Qf1+ 38. Kh2 Qf4+ 39. Kg1
Qc1+ 40. Kh2 Qf4+ 41. Kg1 Qc1+ 42. Kf2 Qf4+ 43. Ke1 Qb4+ 44. Ke2 Bg4+ 45. Ke3
Qe1+ 46. Kf4 Be6 47. Qd3+ Kc5 48. Qd4+ Kb5 49. Qe5+ 1-0

[Event "DRUZYNOWE MISTRZOSTWA POLSKI - II LIGA 2018"]
[Site "Jastrzebia Gora"]
[Date "1899-12-30"]
[Round "2.99"]
[White "Konieczynski, Piotr"]
[Black "Tustanowski, Robert"]
[Result "1/2-1/2"]
[WhiteTitle "I++"]
[BlackTitle "m"]
[WhiteElo "1884"]
[BlackElo "2238"]

1. d4 Nf6 2. Nf3 e6 3. c4 Bb4+ 4. Bd2 a5 5. Nc3 b6 6. g3 Bb7 7. Bg2 O-O 8. O-O
d6 9. Qc2 Nbd7 10. Rfd1 Bxc3 11. Bxc3 Be4 12. Qa4 Qb8 13. Ne1 Bxg2 14. Nxg2 Qb7
15. Rac1 c6 16. Qc2 d5 17. b3 b5 18. cxd5 cxd5 19. Qd3 Rfc8 20. Bd2 b4 21. Nf4
Ne4 22. f3 Nd6 23. Nh3 Qb5 24. Nf2 f6 25. Kf1 Qxd3 26. Nxd3 Nb5 27. e3 Kf7 28.
Ke2 e5 29. dxe5 fxe5 30. Rxc8 Rxc8 31. Rc1 Rxc1 32. Nxc1 e4 33. f4 h5 34. h3 Ke6
35. Kf2 Nb8 36. g4 hxg4 37. hxg4 g6 38. Ne2 Nc6 39. Ke1 Kf6 40. Kf2 Ke6 41. Ke1
Nb8 42. Bc1 Nc6 43. Bb2 Kf7 44. Kd2 Ke6 1/2-1/2

[Event "DRUZYNOWE MISTRZOSTWA POLSKI - II LIGA 2018"]
[Site "Jastrzebia Gora"]
[Date "1899-12-30"]
[Round "2.100"]
[White "Siekaniec, Jan"]
[Black "Paliwoda, Borys"]
[Result "0-1"]
[WhiteTitle "k"]
[BlackTitle "I"]
[WhiteElo "2071"]
[BlackElo "1883"]

1. e4 c5 2. Nf3 e6 3. d4 cxd4 4. Nxd4 Nf6 5. Bd3 a6 6. O-O Qc7 7. Kh1 Bc5 8. Nb3
Be7 9. f4 d6 10. Qe2 Nbd7 11. Be3 b6 12. N1d2 Bb7 13. Rae1 O-O 14. Bg1 e5 15.
h3 Rfe8 16. fxe5 dxe5 17. Rf5 g6 18. Rff1 Rf8 19. g4 Ne8 20. Be3 Nd6 21. Bh6 Rfc8
22. Nf3 Bf8 23. Qd2 Nf6 24. Bxf8 Rxf8 25. Ng5 Qd8 26. Kh2 Kg7 27. Qe3 h6 28. Nf3
Ndxe4 29. Bxe4 Nxe4 30. Nxe5 Qc7 31. Qf4 g5 32. Qf5 Rae8 33. Rxe4 Bxe4 34. Qxe4
Rxe5 35. Qd4 Rd8 0-1

[Event "DRUZYNOWE MISTRZOSTWA POLSKI - II LIGA 2018"]
[Site "Jastrzebia Gora"]
[Date "1899-12-30"]
[Round "2.101"]
[White "Katafiasz, Tomasz"]
[Black "Tustanowski, Mateusz"]
[Result "1/2-1/2"]
[WhiteTitle "I+"]
[BlackTitle "I++"]
[WhiteElo "1919"]
[BlackElo "2064"]

1. Nf3 Nf6 2. d4 e6 3. g3 b6 4. Bg2 Bb7 5. O-O c5 6. c4 cxd4 7. Nxd4 Bxg2 8. Kxg2
Na6 9. Nc3 Qc8 10. Qd3 Be7 11. e4 Qb7 12. f3 O-O 13. Qe2 d6 14. Be3 Rac8 15. Rac1
Nc5 16. Rfd1 a6 17. b3 Rc7 18. Rd2 Ncd7 19. Qf2 Rfc8 20. Rdc2 Nc5 21. Rd1 Ncd7
22. Rdc1 Ne5 23. Qe2 Nfd7 24. f4 Ng6 25. Kg1 Bf6 26. Qf2 Nc5 27. Qd2 Nxe4 28.
Nxe4 Qxe4 29. Ne2 b5 30. Nc3 Bxc3 31. Rxc3 Ne7 32. Qxd6 Nf5 33. Qd2 h5 34. Bb6
Rb7 35. Bf2 Rbb8 36. Re1 Qc6 37. c5 Rd8 38. Rd3 Rd5 39. Rxd5 exd5 40. Re5 Qf6
41. Rxd5 h4 42. g4 Ne7 43. Rd8+ Rxd8 44. Qxd8+ Kh7 45. Qd4 Qg6 46. h3 Qb1+ 47.
Kg2 Nc6 48. Qd5 Ne7 49. Qe5 Ng6 50. Qe3 Qd1 51. Qe4 Qd2 52. Kf3 Qd1+ 53. Kg2 Qc1
54. c6 Kg8 55. f5 Nf4+ 56. Kh2 Qd2 57. Qd4 Nd3 58. Qd8+ Kh7 59. Qxh4+ Kg8 60.
Qd8+ Kh7 61. Qd4 Qc2 62. Kg3 Nxf2 63. Qxf2 Qxc6 64. Qe3 Qd6+ 65. Kh4 Qf6+ 66.
Kg3 Qd6+ 67. Kg2 Qc6+ 68. Qf3 Qc2+ 69. Qf2 Qe4+ 70. Qf3 Qc2+ 1/2-1/2

[Event "DRUZYNOWE MISTRZOSTWA POLSKI - II LIGA 2018"]
[Site "Jastrzebia Gora"]
[Date "1899-12-30"]
[Round "2.102"]
[White "Kopica, Paulina"]
[Black "Weglarz, Joanna"]
[Result "0-1"]
[WhiteTitle "k"]
[BlackTitle "k"]
[WhiteElo "1940"]
[BlackElo "1942"]

1. e4 c5 2. Nf3 e6 3. c3 d5 4. e5 d4 5. Bd3 Nc6 6. O-O Nge7 7. Qe2 g6 8. a4 Bg7
9. Na3 O-O 10. Re1 Nf5 11. Qe4 a6 12. Rb1 Qe7 13. Nc4 Rd8 14. b4 dxc3 15. dxc3
cxb4 16. cxb4 a5 17. bxa5 Nxa5 18. Ba3 Qc7 19. Nb6 Rb8 20. Rec1 Nc6 21. g4 Nfe7
22. Bd6 Rxd6 23. exd6 Qxd6 24. Bb5 Nd5 25. Nxd5 exd5 26. Qe8+ Bf8 27. Ng5 Be6
28. Bxc6 Rxe8 29. Bxe8 Bh6 30. Nxf7 Bxf7 31. Bxf7+ Kxf7 32. Rxb7+ Kf6 33. Rcb1
Qf4 34. R1b4 Qc1+ 35. Kg2 d4 36. h4 Bf4 37. R7b6+ Ke5 38. R4b5+ Ke4 39. Re6+ Kd3
40. a5 Qc4 41. Reb6 Bc7 42. Rb3+ Kc2 43. Rb2+ Kc3 44. Rb7 Bxa5 45. Rb1 Kd3 46.
Rxh7 Kc2 47. Rhb7 Bc3 48. R1b6 d3 49. Kh3 d2 50. Rd7 d1=Q 0-1

[Event "DRUZYNOWE MISTRZOSTWA POLSKI - II LIGA 2018"]
[Site "Jastrzebia Gora"]
[Date "1899-12-30"]
[Round "2.103"]
[White "Krzywicki, Dariusz"]
[Black "Karpus, Michal"]
[Result "0-1"]
[WhiteTitle "m"]
[BlackTitle "FM"]
[WhiteElo "2130"]
[BlackElo "2382"]

1. Nf3 d5 2. g3 g6 3. Bg2 Bg7 4. O-O e5 5. d3 Ne7 6. e4 O-O 7. Nbd2 Nbc6 8. c3
a5 9. a4 Re8 10. exd5 Nxd5 11. Nc4 Bf5 12. Re1 Qd7 13. Ng5 Rad8 14. Ne4 h6 15.
Qb3 b6 16. Ncd6 cxd6 17. Qxd5 Ne7 18. Qb3 d5 19. Nd2 Bxd3 20. Qxb6 Nc6 21. Nf3
Rb8 22. Qc5 e4 23. Nd4 Ne5 24. Bf4 Bf8 25. Qxa5 Nc4 26. Qa6 Rb6 27. Qxb6 Nxb6
28. a5 Nc4 29. b3 Nd6 30. Bxd6 Bxd6 31. b4 Be5 32. Bf1 Bxf1 33. Rxf1 Qc7 34. Rfc1
Ra8 35. Nb3 Qc4 36. Nc5 Bb8 37. Nd7 Ba7 38. Nb6 Bxb6 39. axb6 Rb8 0-1

[Event "DRUZYNOWE MISTRZOSTWA POLSKI - II LIGA 2018"]
[Site "Jastrzebia Gora"]
[Date "1899-12-30"]
[Round "2.104"]
[White "Krainski, Aleksander"]
[Black "Krzewski, Dariusz"]
[Result "1-0"]
[WhiteTitle "FM"]
[BlackTitle "k"]
[WhiteElo "2185"]
[BlackElo "2182"]

1. Nf3 b5 2. e3 a6 3. a4 b4 4. d4 Nf6 5. Bd3 Bb7 6. Nbd2 e6 7. O-O Be7 8. c3 O-O
9. e4 bxc3 10. bxc3 d6 11. Qc2 h6 12. Qb1 Qc8 13. Qb3 Bc6 14. c4 d5 15. cxd5 exd5
16. e5 Ne4 17. Qc2 Qd7 18. Nxe4 Bxa4 19. Qe2 1-0

[Event "DRUZYNOWE MISTRZOSTWA POLSKI - II LIGA 2018"]
[Site "Jastrzebia Gora"]
[Date "1899-12-30"]
[Round "2.105"]
[White "Kupryjaniuk, Tomasz"]
[Black "Pacuszka, Tomasz"]
[Result "1/2-1/2"]
[WhiteTitle "I"]
[BlackTitle "FM"]
[WhiteElo "1878"]
[BlackElo "2220"]

1. e4 c5 2. c3 e5 3. Nf3 Nc6 4. Bc4 Qc7 5. O-O Nf6 6. Re1 Be7 7. d3 O-O 8. Bg5
d6 9. h3 a6 10. a4 h6 11. Be3 Rb8 12. Nbd2 b5 13. axb5 axb5 14. Bb3 Na5 15. Ba2
Bb7 16. Nf1 Kh7 17. Ng3 g6 18. Qd2 Ng8 19. b4 Nc6 20. Bd5 Bc8 21. d4 exd4 22.
cxd4 Nxb4 23. dxc5 Nxd5 24. cxd6 Bxd6 25. exd5 Re8 26. Nf1 Bd7 27. Rec1 Qd8 28.
Ra6 Bf8 29. Ra7 Rc8 30. Nd4 Rxc1 31. Qxc1 Nf6 32. Qc7 Qxc7 33. Rxc7 Bd6 34. Rb7
Rb8 35. Rxb8 Bxb8 36. Nb3 Nxd5 37. Bc5 f5 38. Nfd2 Nf4 39. Kf1 Bc6 40. f3 Ne6
41. Bf2 Be5 42. g3 f4 43. g4 Bd5 44. h4 Kg7 45. Ke2 Kf7 46. Kd3 Ke7 47. Ke2 Bf6
48. Kd3 Kd7 49. Na1 Kc6 50. Nab3 b4 51. Kc2 Kb5 52. Ne4 Be7 53. Ned2 Ka4 54. Na1
Bf6 55. Nab3 Bc3 56. Ba7 h5 57. Bf2 Bf6 58. g5 Bc3 59. Ba7 Ka3 60. Nb1+ Ka4 61.
Nxc3+ bxc3 62. Nc5+ Nxc5 63. Bxc5 Kb5 64. Bd6 Kc4 65. Bxf4 Bxf3 66. Be5 Be4+ 67.
Kc1 Kd3 68. Bf6 c2 69. Be5 Ke2 70. Bc3 Bf5 71. Bb4 Kf2 72. Bc3 1/2-1/2

[Event "DRUZYNOWE MISTRZOSTWA POLSKI - II LIGA 2018"]
[Site "Jastrzebia Gora"]
[Date "1899-12-30"]
[Round "2.106"]
[White "Krainski, Slawomir"]
[Black "Hennig, Tadeusz"]
[Result "1-0"]
[WhiteTitle "k"]
[BlackTitle "I+"]
[WhiteElo "2098"]
[BlackElo "2019"]

1. d4 d5 2. Nf3 Nf6 3. Bf4 e6 4. e3 c5 5. Nbd2 Nc6 6. c3 Bd6 7. Bg3 Bxg3 8. hxg3
Qd6 9. Bb5 Bd7 10. Bxc6 Bxc6 11. Ne5 Nd7 12. Ndf3 cxd4 13. exd4 Nxe5 14. Nxe5
Ke7 15. Qg4 Rag8 16. O-O-O f6 17. Nd3 Kf7 18. Rde1 Bd7 19. Qf3 g6 20. Rh6 b6 21.
Reh1 Kg7 22. g4 e5 23. g5 Rf8 24. Qg3 1-0

[Event "DRUZYNOWE MISTRZOSTWA POLSKI - II LIGA 2018"]
[Site "Jastrzebia Gora"]
[Date "1899-12-30"]
[Round "2.107"]
[White "Bielski, Jerzy"]
[Black "Szczesniak, Andrzej"]
[Result "0-1"]
[WhiteTitle "I"]
[BlackTitle "k"]
[WhiteElo "1707"]
[BlackElo "1934"]

1. d4 d5 2. Nf3 c5 3. e3 Nf6 4. c4 cxd4 5. exd4 e6 6. Nc3 Be7 7. Bd3 O-O 8. O-O
dxc4 9. Bxc4 a6 10. a4 Nbd7 11. Bg5 Nb6 12. Bb3 Nbd5 13. Ne5 Nxc3 14. bxc3 Nd7
15. Bxe7 Qxe7 16. Nf3 Nf6 17. Re1 Qc7 18. Qd3 b6 19. Ne5 Nd5 20. Bxd5 exd5 21.
Rac1 f6 22. Nf3 Bd7 23. Ra1 Rfc8 24. Re3 b5 25. a5 Re8 26. Nd2 Rac8 27. Ra3 b4
0-1

[Event "DRUZYNOWE MISTRZOSTWA POLSKI - II LIGA 2018"]
[Site "Jastrzebia Gora"]
[Date "1899-12-30"]
[Round "3.1"]
[White "Rudolf, Michal"]
[Black "Golubka, Petro"]
[Result "0-1"]
[WhiteTitle "FM"]
[BlackTitle "IM"]
[WhiteElo "2352"]
[BlackElo "2457"]

1. e4 e5 2. Nf3 Nc6 3. Bc4 Bc5 4. d3 Nf6 5. O-O d6 6. c3 Bb6 7. Nbd2 O-O 8. Bb3
Na5 9. Bc2 c5 10. a3 Nc6 11. Nc4 h6 12. Be3 Bc7 13. d4 exd4 14. cxd4 cxd4 15.
Nxd4 d5 16. exd5 Qxd5 17. Rc1 Rd8 18. Nxc6 bxc6 19. Qe2 Be6 20. b3 Ng4 21. h3
Nxe3 22. Qxe3 Qd4 23. Be4 Rab8 24. Bxc6 Qxe3 25. Nxe3 Bxb3 26. Bd5 Bf4 27. Bf3
a5 28. Rc5 a4 29. Ra5 Bc7 30. Ra7 Bb6 31. Ra6 Bxe3 32. fxe3 Bc4 33. Rxa4 Bxf1
34. Kxf1 Rd2 35. Kg1 Rb1+ 36. Kh2 Rb3 37. Ra8+ Kh7 38. Ra7 Kg6 39. Ra6+ Kf5 40.
Ra7 Kf6 41. Ra6+ Ke7 42. Ra7+ Ke6 43. Bg4+ Kf6 44. Ra6+ Ke7 45. Ra7+ Ke8 46. Bf3
g6 47. Bc6+ Kf8 48. e4 Rbb2 49. e5 Rbc2 50. Ra8+ Kg7 51. Bf3 Rc3 52. Kg3 Ra2 53.
a4 Rca3 54. Re8 Re3 55. Kf4 Re1 56. Bc6 Rc1 57. Bd5 Rxa4+ 58. Kf3 Rc3+ 59. Kf2
Rc5 60. Bf3 Raa5 61. e6 f5 62. h4 Re5 63. h5 g5 64. Re7+ Kf6 65. Rh7 g4 66. Bd1
Ra2+ 67. Kg3 Re3+ 68. Kf4 Re4+ 69. Kg3 Kg5 70. e7 f4+ 71. Kh2 f3 72. Rg7+ Kh4
73. Rxg4+ Rxg4 74. Bxf3 Rgxg2+ 75. Bxg2 Re2 76. Kg1 Kg3 77. Kf1 Rxe7 78. Bc6 Kg4
0-1

[Event "DRUZYNOWE MISTRZOSTWA POLSKI - II LIGA 2018"]
[Site "Jastrzebia Gora"]
[Date "1899-12-30"]
[Round "3.2"]
[White "Barski, Radoslaw"]
[Black "Chalupnik, Marcin"]
[Result "1-0"]
[WhiteTitle "IM"]
[BlackTitle "k++"]
[WhiteElo "2447"]
[BlackElo "2188"]

1. e4 e6 2. d4 d5 3. Nd2 c5 4. Ngf3 Nc6 5. exd5 exd5 6. Bb5 Bd6 7. O-O Nge7 8.
dxc5 Bxc5 9. Nb3 Bd6 10. Re1 O-O 11. Bg5 Bg4 12. Bh4 Re8 13. Bg3 Bxg3 14. hxg3
Qb6 15. a4 a6 16. Bxc6 Bxf3 17. Qxf3 bxc6 18. Qe3 Qc7 19. a5 Rab8 20. Re2 g6 21.
Qd3 Qa7 22. Rae1 c5 23. Qc3 Rbc8 24. Qf6 Rc6 25. Rxe7 Rxf6 26. Rxe8+ Kg7 27. R1e7
1-0

[Event "DRUZYNOWE MISTRZOSTWA POLSKI - II LIGA 2018"]
[Site "Jastrzebia Gora"]
[Date "1899-12-30"]
[Round "3.3"]
[White "Warszawski, Bartosz"]
[Black "Kyc, Jerzy"]
[Result "1-0"]
[WhiteTitle "m"]
[BlackTitle "k"]
[WhiteElo "2165"]
[BlackElo "2313"]

1. e4 c5 2. Nf3 d6 3. d4 cxd4 4. Nxd4 Nf6 5. Nc3 a6 6. Be2 e5 7. Nb3 Be7 8. O-O
Be6 9. f4 Qc7 10. Nd5 Bxd5 11. exd5 Nbd7 12. c4 O-O 13. Be3 Rfe8 14. f5 Qb8 15.
Qd2 Bd8 16. g4 b5 17. cxb5 axb5 18. Bf3 e4 19. Be2 Re5 20. Nd4 Rxd5 21. g5 Ra4
22. b4 Ra3 23. gxf6 Rxe3 24. Qxe3 Rxd4 25. fxg7 Rxb4 26. Qc3 Bb6+ 27. Kh1 Bc5
28. a3 Rd4 29. Rab1 Qa8 30. Rxb5 e3+ 31. Bf3 Rd1 32. Bxa8 Rxf1+ 33. Kg2 e2 34.
Bc6 Rg1+ 35. Kh3 e1=Q 36. Qxe1 Rxe1 37. Bxd7 Re3+ 38. Kg2 Rxa3 39. f6 Ra8 40.
Bc6 Ra2+ 41. Kg3 Bf2+ 42. Kf4 Ra4+ 43. Kf3 Ba7 44. Rb7 Ra2 45. Kg3 Ra3+ 46. Kf4
Be3+ 47. Ke4 Ba7 48. Bd5 Ra4+ 49. Kf3 Ra3+ 50. Kg2 1-0

[Event "DRUZYNOWE MISTRZOSTWA POLSKI - II LIGA 2018"]
[Site "Jastrzebia Gora"]
[Date "1899-12-30"]
[Round "3.4"]
[White "Marszalek, Maciej"]
[Black "Kaim, Piotr"]
[Result "1/2-1/2"]
[WhiteTitle "m"]
[BlackTitle "m"]
[WhiteElo "2272"]
[BlackElo "2172"]

1. Nf3 Nf6 2. g3 g6 3. Bg2 Bg7 4. O-O O-O 5. d4 d5 6. c4 c6 7. Ne5 dxc4 8. Nxc4
Be6 9. b3 Bd5 10. Bb2 Bxg2 11. Kxg2 Na6 12. Nbd2 c5 13. Nf3 cxd4 14. Bxd4 Nb4
15. Bc3 Nbd5 16. Bd4 Nb4 17. Bc3 Nbd5 18. Bd4 1/2-1/2

[Event "DRUZYNOWE MISTRZOSTWA POLSKI - II LIGA 2018"]
[Site "Jastrzebia Gora"]
[Date "1899-12-30"]
[Round "3.5"]
[White "Kasperkiewicz, Pawel"]
[Black "Popiol, Michal"]
[Result "0-1"]
[WhiteTitle "k"]
[BlackTitle "k+"]
[WhiteElo "1917"]
[BlackElo "2182"]

1. e4 c5 2. Nf3 d6 3. Bb5+ Bd7 4. Bxd7+ Qxd7 5. c4 Nc6 6. O-O g6 7. d4 cxd4 8.
Nxd4 Bg7 9. Be3 Nf6 10. f3 O-O 11. Nc3 a6 12. a4 Rac8 13. Nde2 Qd8 14. b3 Nd7
15. Rb1 Nb4 16. Qd2 Nc5 17. Nf4 e6 18. Rfd1 Qe7 19. Nce2 a5 20. Nc3 Rfd8 21. Na2
Nc6 22. Nc3 Nb4 23. Na2 Nxa2 24. Qxa2 g5 25. Nh5 Be5 26. Qd2 f6 27. Ng3 b6 28.
f4 gxf4 29. Bxf4 Kh8 30. Rf1 Rg8 31. Rf3 Rg6 32. Rbf1 Rcg8 33. R1f2 Rxg3 34. Rxg3
Rxg3 35. Bxe5 dxe5 36. hxg3 Nxe4 37. Qd3 Nxf2 38. Kxf2 Kg7 39. Qe4 Qd7 40. Qg4+
Kf8 41. Ke3 f5 42. Qh4 Qe7 43. Qh6+ Ke8 44. g4 fxg4 45. Qh5+ Kd7 46. Qxg4 Qc5+
47. Ke2 Qd4 48. Qg7+ Kc6 49. Qxh7 Qg4+ 50. Kf2 Qf5+ 0-1

[Event "DRUZYNOWE MISTRZOSTWA POLSKI - II LIGA 2018"]
[Site "Jastrzebia Gora"]
[Date "1899-12-30"]
[Round "3.6"]
[White "Dziodzio, Angelika"]
[Black "Bednarska-bzdega, Malgorzata"]
[Result "0-1"]
[WhiteTitle "WFM"]
[BlackTitle "WFM"]
[WhiteElo "2149"]
[BlackElo "1991"]

1. d4 Nf6 2. Nc3 d5 3. Bf4 e6 4. Nb5 Na6 5. e3 c6 6. Nc3 b6 7. Nf3 Bb7 8. Ne5 Rc8
9. a3 Be7 10. Bd3 O-O 11. g4 c5 12. g5 Ne4 13. Rg1 Nb8 14. Qg4 Nd7 15. g6 hxg6
16. Nxg6 fxg6 17. Qxe6+ Rf7 18. Nxe4 Nf8 19. Qg4 dxe4 20. Bc4 cxd4 21. Bxf7+ Kxf7
22. Qd1 Bf6 23. exd4 Qxd4 24. Qxd4 Bxd4 25. c3 Bf6 26. Rd1 Rd8 27. Rxd8 Bxd8 28.
Kd2 Bf6 29. a4 Ne6 30. Be3 Nc5 31. Bxc5 bxc5 32. b4 c4 33. b5 Bd8 34. Ke2 Kf6
35. Rd1 Bb6 36. Rd6+ Kg5 37. Re6 Bd8 38. Re5+ Kf6 39. Rc5 Bb6 40. Rxc4 Ke5 41.
Rb4 Bd5 42. Rb2 Bc4+ 43. Ke1 Kf4 44. Rb4 Bd3 45. Rb3 Kf3 46. Rb2 Ba5 47. Rb3 Bc4
48. Ra3 Bb6 0-1

[Event "DRUZYNOWE MISTRZOSTWA POLSKI - II LIGA 2018"]
[Site "Jastrzebia Gora"]
[Date "1899-12-30"]
[Round "3.7"]
[White "Sapis, Witalis"]
[Black "Walter, Szymon"]
[Result "1/2-1/2"]
[WhiteTitle "IM"]
[BlackTitle "k+"]
[WhiteElo "2369"]
[BlackElo "2307"]

1. d4 Nf6 2. Nf3 g6 3. c4 d5 4. cxd5 Nxd5 5. e4 Nb6 6. Nc3 Bg7 7. Be3 O-O 8. h3
Nc6 9. Be2 f5 10. exf5 Bxf5 11. Qb3+ Kh8 12. g4 Bd7 13. d5 Na5 14. Qb4 Nac4 15.
Bxc4 a5 16. Qc5 Nxc4 17. Qxc4 Rxf3 18. O-O-O b5 19. Qc5 Qf8 20. Ne4 h6 21. Qc2
Be5 22. Nc5 Be8 23. Ne6 Qf6 24. Nd4 Rf4 25. Bxf4 Qxf4+ 26. Qd2 Qxd2+ 27. Rxd2
Bf4 28. Ne6 Bxd2+ 29. Kxd2 c5 30. Rc1 c4 31. a4 Rb8 32. Nc7 bxa4 33. Nxe8 Rxe8
34. Rxc4 Rb8 35. Rxa4 Rxb2+ 36. Ke3 Rb3+ 37. Kd4 Rxh3 38. Rxa5 Kg7 39. Ke4 1/2-1/2

[Event "DRUZYNOWE MISTRZOSTWA POLSKI - II LIGA 2018"]
[Site "Jastrzebia Gora"]
[Date "1899-12-30"]
[Round "3.8"]
[White "Szostko, Jakub"]
[Black "Antolak, Julia"]
[Result "1/2-1/2"]
[WhiteTitle "FM"]
[BlackTitle "WFM"]
[WhiteElo "2299"]
[BlackElo "2207"]

1. e4 c5 2. Nf3 d6 3. d4 cxd4 4. Nxd4 Nf6 5. Nc3 g6 6. Be3 Bg7 7. f3 Nc6 8. Qd2
O-O 9. O-O-O d5 10. Qe1 e5 11. Nxc6 bxc6 12. exd5 Nxd5 13. Bc4 Be6 14. Ne4 h6
15. g4 Qc7 16. Bc5 Rfd8 17. Qh4 Qa5 18. g5 hxg5 19. Qxg5 Nf4 20. Rxd8+ Rxd8 21.
Bb4 Qb6 22. Bc5 Qa5 23. Bb4 Qb6 24. Bc5 Qa5 1/2-1/2

[Event "DRUZYNOWE MISTRZOSTWA POLSKI - II LIGA 2018"]
[Site "Jastrzebia Gora"]
[Date "1899-12-30"]
[Round "3.9"]
[White "Karwowski, Kacper"]
[Black "Dzierzak, Radoslaw"]
[Result "1-0"]
[WhiteTitle "k"]
[BlackTitle "I++"]
[WhiteElo "2164"]
[BlackElo "2282"]

1. e4 c6 2. d4 d5 3. exd5 cxd5 4. c4 Nf6 5. Nc3 e6 6. Nf3 Bb4 7. Bd3 dxc4 8. Bxc4
O-O 9. Bg5 Nbd7 10. O-O Bxc3 11. bxc3 Qc7 12. Qb3 b6 13. Bxf6 Nxf6 14. Rac1 Bb7
15. Ne5 Rac8 16. Rfe1 Ne4 17. Qc2 Nd6 18. Bd3 g6 19. c4 Qe7 20. c5 Qg5 21. c6
Ba8 22. Qb3 Rfe8 23. Qa3 Qe7 24. Ba6 Rc7 25. Qf3 Qg5 26. d5 exd5 27. Qxd5 Re6
28. h4 Qxh4 29. Bb7 Bxb7 30. cxb7 Rxb7 31. Rc6 Qe7 32. f4 Rc7 33. Rec1 Rxc6 34.
Rxc6 Nf5 35. Rc8+ Kg7 36. Qa8 Rd6 37. Rg8+ Kh6 38. Qf3 Nh4 39. Qg4 Nf5 40. Nxf7+
Qxf7 41. Qg5# 1-0

[Event "DRUZYNOWE MISTRZOSTWA POLSKI - II LIGA 2018"]
[Site "Jastrzebia Gora"]
[Date "1899-12-30"]
[Round "3.10"]
[White "Zochowski, Kacper"]
[Black "Rudnicki, Milosz"]
[Result "1-0"]
[WhiteTitle "k"]
[BlackTitle "k"]
[WhiteElo "2269"]
[BlackElo "2184"]

1. Nf3 d5 2. c4 e6 3. g3 Nf6 4. Bg2 Be7 5. O-O O-O 6. b3 c5 7. Bb2 Nc6 8. e3 b6
9. Nc3 Bb7 10. Qe2 Rc8 11. Rfd1 dxc4 12. bxc4 Qc7 13. d3 Rfd8 14. Rab1 Qb8 15.
Ne1 Ne8 16. f4 Bf6 17. g4 g6 18. Nf3 Ne7 19. Rf1 Bg7 20. Rbd1 f5 21. Ng5 Bxg2
22. Qxg2 Qd6 23. Qh3 h6 24. Nf3 Nc6 25. Qg2 Kh7 26. Kh1 Qf8 27. gxf5 exf5 28.
Rg1 Qf7 29. Nd5 Nc7 30. Bxg7 Qxg7 31. e4 Nxd5 32. cxd5 Ne7 33. Ne5 Rd6 34. Nc4
Rd7 35. d6 b5 36. dxe7 bxc4 37. exf5 cxd3 38. fxg6+ Kh8 39. Qc6 1-0

[Event "DRUZYNOWE MISTRZOSTWA POLSKI - II LIGA 2018"]
[Site "Jastrzebia Gora"]
[Date "1899-12-30"]
[Round "3.11"]
[White "Kowalski, Maciej"]
[Black "Zaleski, Lukasz"]
[Result "1/2-1/2"]
[WhiteTitle "k"]
[BlackTitle "k"]
[WhiteElo "2071"]
[BlackElo "2134"]

1. Nf3 Nf6 2. b3 d6 3. d4 g6 4. Bb2 Bg7 5. Nbd2 O-O 6. g3 Nbd7 7. Bg2 c6 8. O-O
Qc7 9. e3 b6 10. c4 Bb7 11. Qc2 Rfe8 12. Rfd1 a5 13. a3 e5 14. dxe5 dxe5 15. Ng5
Rad8 16. b4 h6 17. Nge4 axb4 18. axb4 Nxe4 19. Nxe4 Nf6 20. Ra7 Nxe4 21. Bxe4
Rxd1+ 22. Qxd1 Rd8 23. Qa1 Rd7 24. b5 Qd8 25. Kg2 Qc8 26. Rxb7 Rxb7 27. bxc6 Rc7
28. Qa4 Qg4 29. f3 Qg5 30. Qa8+ Kh7 31. Kf2 Qe7 32. Ba3 Qe6 33. Bd5 Qf5 34. e4
Qg5 35. Ke2 h5 36. Bb4 Qc1 37. Bd2 Qg1 38. Qb8 Qg2+ 39. Kd3 Qxf3+ 40. Kc2 Bh6
41. Bxh6 Kxh6 42. Qh8+ Kg5 43. Qxe5+ Kg4 44. Qxc7 Qe2+ 45. Kc3 Qe1+ 46. Kb3 Qb1+
47. Kc3 Qc1+ 48. Kb4 Qb2+ 49. Ka4 Qa2+ 50. Kb4 1/2-1/2

[Event "DRUZYNOWE MISTRZOSTWA POLSKI - II LIGA 2018"]
[Site "Jastrzebia Gora"]
[Date "1899-12-30"]
[Round "3.12"]
[White "Binkowska, Agata"]
[Black "Gosciniak, Maria"]
[Result "0-1"]
[WhiteTitle "I++"]
[BlackTitle "WFM"]
[WhiteElo "1890"]
[BlackElo "2093"]

1. e4 Nf6 2. e5 Nd5 3. d4 d6 4. c4 Nb6 5. exd6 exd6 6. Nf3 Bg4 7. Be2 Be7 8. O-O
O-O 9. Nbd2 Re8 10. Re1 Bf6 11. h3 Bh5 12. Nf1 Nc6 13. g4 Bg6 14. b3 Be4 15. Bb2
d5 16. c5 Nd7 17. Qd2 Nf8 18. N1h2 Ne6 19. b4 h6 20. b5 Ne7 21. Nf1 Ng6 22. Ng3
Ngf4 23. Kh2 Nxe2 24. Qxe2 Nf4 25. Qe3 Nd3 26. Re2 Nxb2 27. Rxb2 Bxf3 28. Qxf3
Bxd4 29. Rab1 Bxb2 30. Rxb2 Qd7 31. Nf5 Rad8 32. Qa3 d4 33. Qd3 Qd5 0-1

[Event "DRUZYNOWE MISTRZOSTWA POLSKI - II LIGA 2018"]
[Site "Jastrzebia Gora"]
[Date "1899-12-30"]
[Round "3.13"]
[White "Chylewski, Patryk"]
[Black "Bednarek, Sylwester"]
[Result "1-0"]
[WhiteTitle "FM"]
[BlackTitle "FM"]
[WhiteElo "2275"]
[BlackElo "2336"]

1. d4 Nf6 2. c4 g6 3. Nc3 Bg7 4. e4 d6 5. Nf3 O-O 6. Be2 e5 7. O-O Nbd7 8. Re1
c6 9. h3 h6 10. Be3 exd4 11. Nxd4 Re8 12. Qc2 Nc5 13. Bf3 Nh7 14. Nb3 Ng5 15.
Bxg5 Qxg5 16. Nxc5 dxc5 17. Qc1 Qh4 18. Qc2 Bd4 19. Rad1 Re5 20. Rd3 Be6 21. b3
Rd8 22. Nd1 Rg5 23. Kf1 Bc8 24. Ne3 h5 25. Qd2 Re8 26. Nc2 Bf6 27. Ne3 Kg7 28.
Nc2 Rge5 29. Kg1 Rg5 30. g3 Qxh3 31. Bg2 Qe6 32. f4 Rg4 33. e5 Be7 34. Bh3 b5
35. Bxg4 Qxg4 36. Qe2 Bf5 37. Qxg4 hxg4 38. Rd2 Bd8 39. Red1 Ba5 40. Rf2 Be4 41.
Ne3 Bc3 42. Nxg4 Rh8 43. Rh2 Bd4+ 44. Kf1 Bf3 45. Rxh8 Kxh8 46. Nf2 Bxd1 47. Nxd1
Kg7 48. Ke2 Kh6 49. g4 g5 50. Kf3 gxf4 51. Kxf4 Kg6 52. Ne3 Bb2 53. Nf5 Bc1+ 54.
Ke4 Bg5 55. Nd6 a6 56. Nc8 Bd2 57. Ne7+ Kg5 58. Nxc6 bxc4 59. bxc4 Bc3 60. Kd5
Bb2 61. Kxc5 Kxg4 62. Nd8 Kf5 63. Kd5 Bxe5 64. Nxf7 Bg3 65. Nd6+ Kf4 66. c5 Bh4
67. a4 Bd8 68. Nb7 Bc7 69. Kc6 Bb8 70. Kb6 Ke5 71. c6 Kd5 72. c7 Bxc7+ 73. Kxc7
Kc4 74. Kb6 Kb4 75. a5 1-0